000 00573nam a22002291a 4500
001 2766
003 OSt
005 20260204211825.0
008 040324s2001||||mx ||||||b||||||||||spa||
020 _a9701030842
050 _a658.15 B464f
082 _a658.15 B464f
100 _aBesley, Scott
245 _aFundamentos de administración financiera / Scott Besley
250 _a12
264 _aMéxico : McGraw-Hill
300 _a919 p.
500 _aIncluye indice
650 _a1.Administración Financiera
700 _aBrigham, Eugene F.Ì
942 _2ddc
_cBK
999 _c2766
_d2766